<?xml version="1.0" encoding="UTF-8"?><?xml-stylesheet type="text/xsl" href="static/style.xsl"?><OAI-PMH xmlns="http://www.openarchives.org/OAI/2.0/" xmlns:xsi="http://www.w3.org/2001/XMLSchema-instance" xsi:schemaLocation="http://www.openarchives.org/OAI/2.0/ http://www.openarchives.org/OAI/2.0/OAI-PMH.xsd"><responseDate>2026-04-13T02:06:02Z</responseDate><request verb="GetRecord" identifier="oai:www.recercat.cat:10230/71879" metadataPrefix="marc">https://recercat.cat/oai/request</request><GetRecord><record><header><identifier>oai:recercat.cat:10230/71879</identifier><datestamp>2025-11-14T16:41:43Z</datestamp><setSpec>com_2072_6</setSpec><setSpec>col_2072_452952</setSpec></header><metadata><record xmlns="http://www.loc.gov/MARC21/slim" xmlns:dcterms="http://purl.org/dc/terms/" xmlns:xsi="http://www.w3.org/2001/XMLSchema-instance" xmlns:doc="http://www.lyncode.com/xoai" xsi:schemaLocation="http://www.loc.gov/MARC21/slim http://www.loc.gov/standards/marcxml/schema/MARC21slim.xsd">
   <leader>00925njm 22002777a 4500</leader>
   <datafield ind2=" " ind1=" " tag="042">
      <subfield code="a">dc</subfield>
   </datafield>
   <datafield ind2=" " ind1=" " tag="720">
      <subfield code="a">Luque Pardos, Sònia</subfield>
      <subfield code="e">author</subfield>
   </datafield>
   <datafield ind2=" " ind1=" " tag="720">
      <subfield code="a">Mendoza-Palomar, Natalia</subfield>
      <subfield code="e">author</subfield>
   </datafield>
   <datafield ind2=" " ind1=" " tag="720">
      <subfield code="a">Aguilera-Alonso, David</subfield>
      <subfield code="e">author</subfield>
   </datafield>
   <datafield ind2=" " ind1=" " tag="720">
      <subfield code="a">Garrido, Beatriz</subfield>
      <subfield code="e">author</subfield>
   </datafield>
   <datafield ind2=" " ind1=" " tag="720">
      <subfield code="a">Miarons, Marta</subfield>
      <subfield code="e">author</subfield>
   </datafield>
   <datafield ind2=" " ind1=" " tag="720">
      <subfield code="a">Piqueras, Ana Isabel</subfield>
      <subfield code="e">author</subfield>
   </datafield>
   <datafield ind2=" " ind1=" " tag="720">
      <subfield code="a">Tévar, Enrique</subfield>
      <subfield code="e">author</subfield>
   </datafield>
   <datafield ind2=" " ind1=" " tag="720">
      <subfield code="a">Velasco-Arnaiz, Eneritz</subfield>
      <subfield code="e">author</subfield>
   </datafield>
   <datafield ind2=" " ind1=" " tag="720">
      <subfield code="a">Fernández-Polo, Aurora</subfield>
      <subfield code="e">author</subfield>
   </datafield>
   <datafield ind2=" " ind1=" " tag="260">
      <subfield code="c">2025-11-13T14:54:38Z</subfield>
   </datafield>
   <datafield ind2=" " ind1=" " tag="260">
      <subfield code="c">2025-11-13T14:54:38Z</subfield>
   </datafield>
   <datafield ind2=" " ind1=" " tag="260">
      <subfield code="c">2024</subfield>
   </datafield>
   <datafield ind2=" " ind1=" " tag="260">
      <subfield code="c">2025-11-13T14:54:38Z</subfield>
   </datafield>
   <datafield ind2=" " ind1=" " tag="520">
      <subfield code="a">La monitorización terapéutica de antibióticos y antifúngicos en el paciente pediátrico basada en parámetros farmacocinéticos y farmacodinámicos, es una estrategia cada vez más utilizada para la optimización del tratamiento de infecciones con el fin de mejorar la eficacia, reducir la aparición de toxicidades y prevenir la selección de resistencias antimicrobianas, especialmente en poblaciones vulnerables como neonatos, pacientes críticos o inmunodeprimidos. En la población neonatal y pediátrica, las infecciones representan un porcentaje elevado de los ingresos hospitalarios, siendo los antimicrobianos los fármacos más utilizados en este grupo poblacional. Sin embargo, establecer los regímenes posológicos óptimos en esta población es complejo, debido a la menor evidencia respecto a la eficacia y seguridad de algunos antimicrobianos, especialmente en los de reciente comercialización que son utilizados habitualmente fuera de ficha técnica y al limitado número de estudios farmacocinéticos y farmacodinámicos disponibles en pediatría. Es bien conocido que el paciente pediátrico se caracteriza por presentar una serie de variaciones de los parámetros farmacocinéticos (como el aclaramiento o el volumen de distribución) debido a los propios cambios madurativos que pueden modificar la exposición a los antimicrobianos y comprometer el éxito del tratamiento. A su vez, es un grupo poblacional más susceptible a presentar potenciales efectos adversos a los fármacos, hecho que conlleva la necesidad de una monitorización más estricta. El objetivo de este documento de consenso, elaborado entre la Sociedad Española de Farmacia Hospitalaria (SEFH) y la Sociedad Española de Infectología Pediátrica (SEIP), es describir la evidencia disponible sobre las indicaciones de la monitorización terapéutica de antibióticos y antifúngicos en pacientes neonatales y pediátricos, y proporcionar recomendaciones prácticas para su monitorización y ajuste de dosis, con el fin de optimizar el tratamiento, maximizando su eficacia y seguridad.</subfield>
   </datafield>
   <datafield ind1="8" ind2=" " tag="024">
      <subfield code="a">http://hdl.handle.net/10230/71879</subfield>
   </datafield>
   <datafield tag="653" ind2=" " ind1=" ">
      <subfield code="a">Monitorización terapéutica</subfield>
   </datafield>
   <datafield tag="653" ind2=" " ind1=" ">
      <subfield code="a">Farmacocinética</subfield>
   </datafield>
   <datafield tag="653" ind2=" " ind1=" ">
      <subfield code="a">Farmacodinamia</subfield>
   </datafield>
   <datafield tag="653" ind2=" " ind1=" ">
      <subfield code="a">Antibióticos</subfield>
   </datafield>
   <datafield tag="653" ind2=" " ind1=" ">
      <subfield code="a">Antifúngicos</subfield>
   </datafield>
   <datafield tag="653" ind2=" " ind1=" ">
      <subfield code="a">Pediatría</subfield>
   </datafield>
   <datafield tag="653" ind2=" " ind1=" ">
      <subfield code="a">Neonatos</subfield>
   </datafield>
   <datafield tag="653" ind2=" " ind1=" ">
      <subfield code="a">Poblaciones especiales</subfield>
   </datafield>
   <datafield ind2="0" ind1="0" tag="245">
      <subfield code="a">Documento nacional de consenso de monitorización terapéutica de antibióticos y antifúngicos en el paciente pediátrico y neonatal de la Sociedad Española de Farmacia Hospitalaria (SEFH) y la Sociedad Española de Infectología Pediátrica (SEIP)</subfield>
   </datafield>
</record></metadata></record></GetRecord></OAI-PMH>